[Event "Medellin Flores op 25th"]
[Site "Medellin"]
[Date "2018.08.06"]
[Round "6"]
[White "Corredor Rengifo, Luis Fernando"]
[Black "Gamboa, Nelson"]
[Result "0-1"]
[WhiteElo "2116"]
[BlackElo "2327"]
[PlyCount "54"]
[EventDate "2018.08.03"]
[EventType "swiss"]
[EventRounds "9"]
[EventCountry "COL"]
[SourceTitle "CBM 185 Extra"]
[Source "ChessBase"]
[SourceDate "2018.07.29"]
[SourceVersion "1"]
[SourceVersionDate "2018.07.29"]
[SourceQuality "1"]

1. d4 Nf6 2. Nf3 g6 3. c4 Bg7 4. g3 0-0 5. Bg2 d6 6. 0-0 c6 7. Nc3 Qa5 8. e4 Qh5 9. Ng5 Qxd1 10. Rxd1 h6 11. Nf3 Nbd7 12. h3 e5 13. Be3 Ne8 14. dxe5 dxe5 15. g4 Nc7 16. Rd2 Re8 17. Rad1 Re7 18. b4 Ne6 19. Na4 a5 20. bxa5 Rxa5 21. Nb6 Nxb6 22. Bxb6 Ra6 23. c5 Kh7 24. Rc2 Ra4 25. Nd2 Nd4 26. Rb2 Be6 27. Nb3 Rxa2 0-1

[Event "Medellin Flores op 25th"]
[Site "Medellin"]
[Date "2018.08.05"]
[Round "4"]
[White "Gamboa, Nelson"]
[Black "Sanchez, Sebastian Felipe"]
[Result "0-1"]
[WhiteElo "2327"]
[BlackElo "2428"]
[PlyCount "100"]
[EventDate "2018.08.03"]
[EventType "swiss"]
[EventRounds "9"]
[EventCountry "COL"]
[SourceTitle "CBM 185 Extra"]
[Source "ChessBase"]
[SourceDate "2018.07.29"]
[SourceVersion "1"]
[SourceVersionDate "2018.07.29"]
[SourceQuality "1"]

1. d4 Nf6 2. c4 e6 3. Nf3 d5 4. Nc3 dxc4 5. e4 Bb4 6. Bg5 c5 7. Bxf6 Qxf6 8. Bxc4 Nc6 9. e5 Qf4 10. Bb5 0-0 11. Bxc6 bxc6 12. Qc1 Qxc1+ 13. Rxc1 cxd4 14. Nxd4 c5 15. Ndb5 Rb8 16. a3 Rxb5 17. axb4 Rxb4 18. 0-0 Ba6 19. Rfd1 Rxb2 20. Na4 Re2 21. Nxc5 Bb5 22. Rb1 a6 23. Rd6 Rc8 24. Nxa6 g6 25. h3 Bxa6 26. Rxa6 Rcc2 27. Rf1 Rxe5 28. Raa1 Rf5 29. Rad1 h5 30. Rd4 Rb5 31. Rd3 e5 32. Rfd1 Rbb2 33. Rf1 Re2 34. h4 e4 35. Re3 Rxe3 36. fxe3 Re2 37. Rc1 Rxe3 38. Rc4 f5 39. Kf2 Rd3 40. Rc7 f4 41. Rc4 Re3 42. Ra4 Kg7 43. Rb4 Kf6 44. Ra4 Kf5 45. Ra5+ Kg4 46. Rg5+ Kxh4 47. Rxg6 Ra3 48. Rg8 Ra2+ 49. Kf1 e3 50. Rg7 Ra5 0-1

[Event "Medellin Flores op 20th"]
[Site "Medellin"]
[Date "2014.08.10"]
[Round "8"]
[White "Gamboa, Nelson"]
[Black "Vittorino, Carlo Giovanni"]
[Result "1-0"]
[WhiteElo "2338"]
[BlackElo "2277"]
[PlyCount "39"]
[EventDate "2014.08.06"]
[EventType "swiss"]
[EventRounds "9"]
[EventCountry "COL"]
[SourceTitle "CBM 162 Extra"]
[Source "ChessBase"]
[SourceDate "2014.10.17"]
[SourceVersion "1"]
[SourceVersionDate "2014.10.17"]
[SourceQuality "1"]

1. e4 e5 2. Nc3 Nc6 3. g3 Bc5 4. Bg2 a6 5. d3 d6 6. Be3 Bxe3 7. fxe3 f5 8. Qe2 Nf6 9. 0-0-0 0-0 10. h3 Qe8 11. exf5 Bxf5 12. g4 Be6 13. Nf3 Kh8 14. d4 exd4 15. Nxd4 Bd7 16. Rhf1 Qe5 17. Qf2 Na5 18. h4 Bc6 19. e4 b5 20. Nde2 1-0

[Event "Latin Cup-A 3rd"]
[Site "Cali"]
[Date "2012.10.06"]
[Round "5"]
[White "Gamboa, Nelson"]
[Black "Navia Alvarez, Edwin Adrian"]
[Result "1-0"]
[WhiteElo "2355"]
[BlackElo "2057"]
[PlyCount "89"]
[EventDate "2012.10.04"]
[EventType "swiss"]
[EventRounds "9"]
[EventCountry "COL"]
[SourceTitle "CBM 150 Extra"]
[Source "ChessBase"]
[SourceDate "2012.10.19"]
[SourceVersion "1"]
[SourceVersionDate "2012.10.19"]
[SourceQuality "1"]

1. e4 c5 2. Nc3 Nc6 3. f4 g6 4. Nf3 Bg7 5. Bc4 e6 6. d3 Nge7 7. 0-0 d5 8. Bb3 0-0 9. a3 a6 10. Kh1 b5 11. Qe1 Bb7 12. Ba2 Nd4 13. Qf2 Rc8 14. e5 Nxf3 15. Qxf3 Nf5 16. Ne2 h5 17. d4 cxd4 18. Qd3 f6 19. exf6 Qxf6 20. Bd2 Kh7 21. Rac1 Rfe8 22. Bb1 Qf7 23. Ng1 Bf6 24. Nf3 Rcd8 25. Ne5 Bxe5 26. fxe5 Qe7 27. Rf4 Rf8 28. Bb4 Qg5 29. g3 Rf7 30. Bd2 Qe7 31. Rcf1 Rdf8 32. Bb4 Qc7 33. Bd6 Nxd6 34. exd6 Rxf4 35. Rxf4 Qg7 36. c3 Rf5 37. Qf3 Rxf4 38. Qxh5+ Qh6 39. Qxh6+ Kxh6 40. gxf4 Kg7 41. Kg2 Kf6 42. Kf2 e5 43. fxe5+ Kxe5 44. h4 a5 45. Bxg6 1-0

[Event "Bogota Univ Central op-A 5th"]
[Site "Bogota"]
[Date "2011.10.14"]
[Round "3.1"]
[White "Ruiz, Alciguel"]
[Black "Gamboa, Nelson"]
[Result "1-0"]
[WhiteElo "2194"]
[BlackElo "2367"]
[PlyCount "89"]
[EventDate "2011.10.13"]
[EventType "swiss"]
[EventRounds "9"]
[EventCountry "COL"]
[SourceTitle "EXT 2024"]
[Source "ChessBase"]
[SourceDate "2023.10.10"]
[SourceVersion "1"]
[SourceVersionDate "2023.10.10"]
[SourceQuality "1"]

1. d4 f5 2. g3 Nf6 3. Bg2 g6 4. Nd2 Bg7 5. Nh3 d6 6. Nf3 0-0 7. Nf4 e6 8. c3 Qe7 9. Qb3 Nc6 10. Ng5 d5 11. h4 Ne4 12. Nf3 a5 13. a4 Bd7 14. Nd3 Be8 15. Bf4 b6 16. Nfe5 h6 17. Qa3 Qd8 18. Nxc6 Bxc6 19. Be5 Rf7 20. f3 Nd6 21. b3 Be8 22. Qc1 Kh7 23. Qe3 Qe7 24. Nf4 Bd7 25. Bxg7 Rxg7 26. Qe5 Re8 27. Kf2 Bc8 28. Qe3 c6 29. Nd3 Nf7 30. f4 Ba6 31. Ne5 Nxe5 32. Qxe5 c5 33. Rac1 Qd7 34. Rhd1 c4 35. Rb1 cxb3 36. Rxb3 Qxa4 37. Rdb1 Bc4 38. Rxb6 Qd7 39. Rd6 Qc7 40. Rbb6 a4 41. h5 Qf7 42. Rxe6 Rxe6 43. Rxe6 g5 44. fxg5 hxg5 45. h6 1-0

[Event "Bogota Univ Central op-A 5th"]
[Site "Bogota"]
[Date "2011.10.13"]
[Round "1.1"]
[White "Guerrero, Hernando"]
[Black "Gamboa, Nelson"]
[Result "0-1"]
[WhiteElo "1927"]
[BlackElo "2367"]
[PlyCount "28"]
[EventDate "2011.10.13"]
[EventType "swiss"]
[EventRounds "9"]
[EventCountry "COL"]
[SourceTitle "EXT 2024"]
[Source "ChessBase"]
[SourceDate "2023.10.10"]
[SourceVersion "1"]
[SourceVersionDate "2023.10.10"]
[SourceQuality "1"]

1. d4 d5 2. c4 e6 3. Nc3 c6 4. Nf3 f5 5. e3 Nf6 6. Be2 Bd6 7. Ne5 0-0 8. f4 Bd7 9. 0-0 Be8 10. Bd2 Qe7 11. a3 Kh8 12. Rc1 Rg8 13. Rf3 g5 14. fxg5 Bxe5 0-1

[Event "Medellin IRT op 17th"]
[Site "Medellin"]
[Date "2010.08.08"]
[Round "8"]
[White "Gamboa, Nelson"]
[Black "Delgado Ramirez, Neuris"]
[Result "0-1"]
[WhiteElo "2378"]
[BlackElo "2575"]
[PlyCount "120"]
[EventDate "2010.08.04"]
[EventType "swiss"]
[EventRounds "9"]
[EventCountry "COL"]
[SourceTitle "EXT 2012"]
[Source "ChessBase"]
[SourceDate "2011.11.24"]
[SourceVersion "1"]
[SourceVersionDate "2011.11.24"]
[SourceQuality "1"]

1. e4 c5 2. Ne2 Nc6 3. d4 cxd4 4. Nxd4 Nf6 5. Nc3 d6 6. f4 Bd7 7. Be2 g6 8. 0-0 Bg7 9. Be3 0-0 10. Nb3 a6 11. Bf3 Be6 12. Nd5 Nd7 13. Nd4 Bxd5 14. exd5 Nxd4 15. Bxd4 Rc8 16. Bxg7 Kxg7 17. Qd4+ Kg8 18. c4 Qc7 19. Bg4 f5 20. Be2 Qc5 21. Qxc5 Nxc5 22. Rfe1 Rc7 23. Bf1 Rb8 24. Rac1 Kf7 25. Re3 Nd7 26. Rce1 Nf6 27. Rb3 h5 28. Bd3 Nd7 29. Bf1 Nc5 30. Rc3 Ne4 31. Rce3 b5 32. cxb5 axb5 33. Rb3 b4 34. Rd1 Ra8 35. Rxb4 Rxa2 36. Bc4 Ra5 37. Bb5 Rca7 38. Be2 Ra1 39. Kf1 R7a4 40. Rxa4 Rxa4 41. Bf3 Nc5 42. g3 Rb4 43. Rb1 Na4 44. b3 Nc5 45. Bd1 Ne4 46. Rb2 Rd4 47. Be2 Rd2 48. Rxd2 Nxd2+ 49. Kf2 Nxb3 50. h3 Nc5 51. Ke3 Ne4 52. g4 hxg4 53. hxg4 Nf6 54. gxf5 Nxd5+ 55. Kd4 Nxf4 56. Bc4+ Kf6 57. fxg6 Kxg6 58. Ke4 d5+ 59. Bxd5 Nxd5 60. Kxd5 Kf5 0-1

[Event "American Continental 04th"]
[Site "Cali"]
[Date "2007.07.11"]
[Round "2"]
[White "Gamboa, Nelson"]
[Black "Rodriguez Vila, Andres"]
[Result "0-1"]
[WhiteElo "2386"]
[BlackElo "2547"]
[PlyCount "83"]
[EventDate "2007.07.10"]
[EventType "swiss"]
[EventRounds "11"]
[EventCountry "COL"]
[SourceTitle "CBM 119 Extra"]
[Source "ChessBase"]
[SourceDate "2007.09.04"]
[SourceVersion "1"]
[SourceVersionDate "2007.09.04"]
[SourceQuality "1"]

1. d4 f5 2. c4 Nf6 3. Nf3 g6 4. g3 Bg7 5. Bg2 0-0 6. 0-0 d6 7. Nc3 Nc6 8. b3 Qe8 9. Bb2 e5 10. d5 Nd8 11. b4 Nf7 12. Rc1 Qe7 13. a4 a5 14. bxa5 Rxa5 15. Ba3 b6 16. Bb4 Ra6 17. Nd2 Bd7 18. Nb5 Rfa8 19. Qb3 e4 20. Nb1 Bxb5 21. axb5 R6a7 22. f4 Nd8 23. Na3 Nb7 24. h3 Nc5 25. Qe3 Ra4 26. Nc2 Nfd7 27. g4 Qf6 28. gxf5 gxf5 29. Qg3 Qg6 30. Qe3 Qf6 31. Qg3 Kf7 32. Kh1 Rg8 33. Rb1 Ra2 34. Rbc1 Bh8 35. Qf2 Nb3 36. Rb1 Rxc2 37. Rxb3 Qd4 38. Qxd4 Bxd4 39. Re1 Nf6 40. h4 Rg4 41. Bh3 Rxh4 42. Kg2 0-1

[Event "Huila Centenary op"]
[Site "Neiva"]
[Date "2005.05.13"]
[Round "6"]
[White "Gamboa, Nelson"]
[Black "Gutierrez Herrera, Jose Antonio"]
[Result "1/2-1/2"]
[WhiteElo "2379"]
[BlackElo "2290"]
[PlyCount "69"]
[EventDate "2005.05.10"]
[EventType "swiss"]
[EventRounds "9"]
[EventCountry "COL"]
[SourceTitle "CBM 106 Extra"]
[Source "ChessBase"]
[SourceDate "2005.07.01"]
[SourceVersion "1"]
[SourceVersionDate "2005.07.01"]
[SourceQuality "1"]

1. e4 c5 2. Nc3 Nc6 3. f4 e6 4. Bb5 Nge7 5. Nf3 a6 6. Bxc6 Nxc6 7. 0-0 Be7 8. d3 d5 9. Qe1 0-0 10. Qg3 dxe4 11. Nxe4 Nd4 12. Rf2 Nf5 13. Qh3 c4 14. g4 Nh6 15. g5 Nf5 16. dxc4 b5 17. c5 Qd5 18. Nd6 Nxd6 19. cxd6 Qxd6 20. Bd2 Bb7 21. Raf1 Qd5 22. Bc3 Rac8 23. Rd2 Qe4 24. g6 Qe3+ 25. Rff2 hxg6 26. Rd7 Bc6 27. Bd2 Qe4 28. Rd3 Rcd8 29. Qf1 Rxd3 30. Qxd3 Qxd3 31. cxd3 Rd8 32. Ne5 Bd5 33. a3 f6 34. Ba5 Rc8 35. Nd7 1/2-1/2

[Event "Huila Centenary op"]
[Site "Neiva"]
[Date "2005.05.12"]
[Round "5"]
[White "Minaya Molano, Juan M"]
[Black "Gamboa, Nelson"]
[Result "0-1"]
[WhiteElo "2236"]
[BlackElo "2379"]
[PlyCount "66"]
[EventDate "2005.05.10"]
[EventType "swiss"]
[EventRounds "9"]
[EventCountry "COL"]
[SourceTitle "CBM 106 Extra"]
[Source "ChessBase"]
[SourceDate "2005.07.01"]
[SourceVersion "1"]
[SourceVersionDate "2005.07.01"]
[SourceQuality "1"]

1. Nf3 d5 2. d4 c6 3. Bf4 Bf5 4. e3 e6 5. h3 Nf6 6. Be2 Qb6 7. Qc1 c5 8. Nbd2 Nc6 9. c3 Rc8 10. 0-0 Be7 11. Re1 0-0 12. Ne5 Nb4 13. cxb4 cxd4 14. Qd1 Bc2 15. Qc1 Bxb4 16. a3 Bf5 17. Ndc4 dxc4 18. axb4 d3 19. Bf3 Qxb4 20. e4 Bg6 21. Rxa7 b5 22. Nxg6 hxg6 23. Bd2 Qc5 24. Be3 Qd6 25. Ra5 Rfd8 26. Rd1 Qc6 27. Qc3 Rb8 28. Qb4 e5 29. Rda1 Nxe4 30. Bxe4 Qxe4 31. Rxb5 Rxb5 32. Qxb5 d2 33. Qa4 c3 0-1

[Event "Huila Centenary op"]
[Site "Neiva"]
[Date "2005.05.11"]
[Round "2"]
[White "Garcia Alarcon, Alvaro"]
[Black "Gamboa, Nelson"]
[Result "0-1"]
[WhiteElo "2201"]
[BlackElo "2379"]
[PlyCount "53"]
[EventDate "2005.05.10"]
[EventType "swiss"]
[EventRounds "9"]
[EventCountry "COL"]
[SourceTitle "CBM 106 Extra"]
[Source "ChessBase"]
[SourceDate "2005.07.01"]
[SourceVersion "1"]
[SourceVersionDate "2005.07.01"]
[SourceQuality "1"]

1. d4 Nf6 2. c4 d6 3. Nc3 Nbd7 4. Bg5 e5 5. Nd5 h6 6. Nxf6+ Nxf6 7. dxe5 hxg5 8. exf6 Qxf6 9. Qd2 g4 10. 0-0-0 Qxf2 11. Qd5 Be7 12. e4 Be6 13. Qb5+ c6 14. Qxb7 Bg5+ 15. Kb1 0-0 16. Qb3 Rab8 17. Qc2 Qc5 18. Ne2 Bf6 19. Nc3 Bxc4 20. Bxc4 Qxc4 21. Na4 Qb5 22. Rd3 Rfe8 23. h3 Rxe4 24. Nc3 Rc4 25. Ka1 gxh3 26. Rdxh3 g6 27. Rf3 0-1

[Event "World op 32nd"]
[Site "Philadelphia"]
[Date "2004.07.06"]
[Round "9"]
[White "Kaufman, Larry C"]
[Black "Gamboa, Nelson"]
[Result "1/2-1/2"]
[WhiteElo "2364"]
[BlackElo "2371"]
[PlyCount "116"]
[EventDate "2004.07.01"]
[EventType "swiss"]
[EventRounds "9"]
[EventCountry "USA"]
[SourceTitle "CBM 101 Extra"]
[Source "ChessBase"]
[SourceDate "2004.09.01"]
[SourceVersion "2"]
[SourceVersionDate "2004.09.01"]
[SourceQuality "1"]

1. e4 c5 2. Nf3 Nc6 3. Bb5 g6 4. 0-0 Bg7 5. c3 Nf6 6. Re1 0-0 7. e5 Nd5 8. d4 cxd4 9. cxd4 Nc7 10. Nc3 Nxb5 11. Nxb5 a6 12. Nc3 d6 13. exd6 Qxd6 14. d5 Nb4 15. Bg5 Re8 16. Ne4 Qd7 17. d6 exd6 18. Qd2 Nc6 19. Nf6+ Bxf6 20. Bxf6 Re6 21. Qg5 b5 22. Qh4 h5 23. Rxe6 Qxe6 24. Re1 Ne5 25. Nxe5 dxe5 26. Bxe5 Bb7 27. f3 Re8 28. Bc3 Qb6+ 29. Kf1 Rxe1+ 30. Qxe1 Qe6 31. Qd2 Qc4+ 32. Ke1 Qe6+ 33. Kf2 f6 34. Qd8+ Kg7 35. h4 Bd5 36. a3 Qc6 37. Qe7+ Bf7 38. g4 hxg4 39. fxg4 Qb6+ 40. Kf3 Qc6+ 41. Kf2 Qb6+ 42. Kf1 Qe6 43. Qxe6 Bxe6 44. g5 a5 45. Bxa5 fxg5 46. hxg5 Kf7 47. Ke1 Ke7 48. Kd2 Kd6 49. Kc3 Kc6 50. Kb4 Bf5 51. Bd8 Bc2 52. b3 Bd1 53. Bf6 Bc2 54. Bd4 Bd1 55. Be3 Bc2 56. a4 bxa4 57. bxa4 Kb7 58. a5 Ka6 1/2-1/2

[Event "Medellin La Raza"]
[Site "Medellin"]
[Date "2003.10.20"]
[Round "10"]
[White "Celis Sanchez, Carlos"]
[Black "Gamboa, Nelson"]
[Result "0-1"]
[WhiteElo "2321"]
[BlackElo "2371"]
[PlyCount "68"]
[EventDate "2003.10.15"]
[EventType "tourn"]
[EventRounds "11"]
[EventCountry "COL"]
[EventCategory "5"]
[SourceTitle "EXT 2004"]
[Source "ChessBase"]
[SourceDate "2003.11.25"]
[SourceVersion "1"]
[SourceVersionDate "2003.11.25"]
[SourceQuality "1"]

1. e4 c5 2. Nf3 Nc6 3. Bb5 d6 4. d4 cxd4 5. Nxd4 Bd7 6. 0-0 Nf6 7. Nc3 g6 8. Bg5 Bg7 9. Re1 0-0 10. Bxc6 bxc6 11. Nb3 Ng4 12. h3 Ne5 13. Qe2 h6 14. Bh4 g5 15. Bg3 Ng6 16. Rad1 Qc8 17. Rf1 Kh7 18. Rd3 Rb8 19. f4 gxf4 20. Bxf4 Be6 21. Rdf3 Nxf4 22. Rxf4 Be5 23. Rh4 Rg8 24. Qe3 Qf8 25. Rf5 Bxf5 26. exf5 Qg7 27. Rg4 Qf6 28. Ne4 Qxf5 29. Qd3 Kh8 30. Nxd6 Qxd3 31. Nxf7+ Kh7 32. cxd3 Rxg4 33. hxg4 Bxb2 34. g5 Kg6 0-1

[Event "Cartagena Champions Cup"]
[Site "Cartagena"]
[Date "2001.10.02"]
[Round "6"]
[White "Garcia, Gildardo"]
[Black "Gamboa, Nelson"]
[Result "1-0"]
[WhiteElo "2490"]
[BlackElo "2354"]
[PlyCount "93"]
[EventDate "2001.09.29"]
[EventType "swiss"]
[EventRounds "9"]
[EventCountry "COL"]
[SourceTitle "CBM 084 Extra"]
[Source "ChessBase"]
[SourceDate "2001.10.26"]
[SourceVersion "1"]
[SourceVersionDate "2001.10.26"]
[SourceQuality "1"]

1. e4 c5 2. Nf3 Nc6 3. Bb5 g6 4. 0-0 Bg7 5. c3 Nf6 6. Re1 0-0 7. e5 Nd5 8. d4 cxd4 9. cxd4 a6 10. Ba4 Nb6 11. d5 Nxa4 12. Qxa4 Qa5 13. Qe4 Nd8 14. Bd2 Qb6 15. Nc3 d6 16. Be3 Qxb2 17. Na4 Qb5 18. Nb6 Rb8 19. Rac1 Bf5 20. Qf4 dxe5 21. Nxe5 Ne6 22. Qg3 Ng5 23. Bxg5 Qxb6 24. Bxe7 Rfe8 25. Nc4 Qb5 26. Ne3 Bd7 27. Qd6 Qa4 28. h3 Rbc8 29. Rb1 Bc3 30. Red1 Bb5 31. Bf6 h5 32. Bxc3 Rxc3 33. Qf6 Qa3 34. d6 Rd3 35. Rxd3 Qxd3 36. Rb3 Qd2 37. Nf5 Qc1+ 38. Kh2 Qf4+ 39. Rg3 Qe5 40. Ne7+ Rxe7 41. Qxe7 Qf4 42. h4 Qd4 43. Rf3 Qd5 44. Rf4 Bc6 45. f3 Qe6 46. Qxe6 fxe6 47. Rf6 1-0

[Event "Cartagena Champions Cup"]
[Site "Cartagena"]
[Date "2001.09.29"]
[Round "2"]
[White "Gamboa, Nelson"]
[Black "Menassa, Elias"]
[Result "1-0"]
[WhiteElo "2354"]
[BlackElo "2137"]
[PlyCount "60"]
[EventDate "2001.09.29"]
[EventType "swiss"]
[EventRounds "9"]
[EventCountry "COL"]
[SourceTitle "CBM 084 Extra"]
[Source "ChessBase"]
[SourceDate "2001.10.26"]
[SourceVersion "1"]
[SourceVersionDate "2001.10.26"]
[SourceQuality "1"]

1. e4 c5 2. Nc3 Nc6 3. f4 g6 4. Nf3 Bg7 5. Bb5 Nd4 6. Nxd4 cxd4 7. Ne2 Nh6 8. 0-0 0-0 9. Ng3 d5 10. e5 Bg4 11. Qe1 f6 12. h3 fxe5 13. hxg4 exf4 14. g5 d3 15. Qe6+ Kh8 16. Nh5 Bd4+ 17. Kh2 Rf5 18. Bxd3 Ng4+ 19. Kh1 Rxg5 20. Nxf4 Qf8 21. Nh3 Qh6 22. Be2 Rf8 23. Rxf8+ Qxf8 24. d3 Nf2+ 25. Nxf2 Re5 26. Qh3 Rxe2 27. Bh6 Qf5 28. Qxf5 gxf5 29. Nh3 Rxc2 30. Re1 e5 1-0